[Event "AUTO-ADV-92"]
[Site "http://www.queenalice.com/game.php?id=33542"]
[Date "2005.10.16"]
[Round "1"]
[White "larxs05"]
[Black "Mayaune"]
[Result "0-1"]
[WhiteElo "1112"]
[BlackElo "1654"]

1. d4 d5 2. c4 dxc4 3. e4 Nf6 4. e5 Nd5 5. Bxc4 c6 6. Nc3 Nxc3 7. bxc3 e6 8. Nf3
Be7 9. O-O O-O 10. Be3 f5 11. exf6 Bxf6 12. Qd3 b5 13. Bb3 a5 14. Rad1 Bb7 15.
Bc2 g6 16. Bh6 Bg7 17. Bxg7 Kxg7 18. Ne5 Rf6 19. f4 Qd5 20. Bb3 Qd8 21. Qg3 Qf8
22. Rde1 Qe8 23. h4 Rf5 24. Ng4 Bc8 25. Ne3 Rf6 26. h5 Nd7 27. d5 Kh8 28. hxg6
Rxg6 29. Qh4 Nf6 30. dxe6 a4 31. Bc2 Rg8 32. Nf5 Qg6 0-1

[Event "AUTO-ADV-92"]
[Site "http://www.queenalice.com/game.php?id=33543"]
[Date "2005.10.16"]
[Round "1"]
[White "Mayaune"]
[Black "larxs05"]
[Result "1-0"]
[WhiteElo "1660"]
[BlackElo "1112"]

1. d4 Nf6 2. f3 d5 3. Nc3 e6 4. Bg5 Bb4 5. Qd3 O-O 6. O-O-O Nc6 7. Nb1 Bd7 8. e3
h6 9. Bh4 Be7 10. Nc3 a6 11. Bxf6 Bxf6 12. f4 b5 13. Nf3 b4 14. Na4 Na5 15. Nc5
Bb5 16. Qd2 Nc4 17. Qxb4 Rb8 18. Qc3 Nd6 19. Bd3 Bxd3 20. Qxd3 a5 21. h4 c6 22.
Ne5 Bxe5 23. dxe5 Nf5 24. e4 dxe4 25. Qxe4 Qb6 26. b4 Qxb4 27. Qxb4 Rxb4 28. Nd3
Ra4 29. Kb2 Rb8+ 30. Ka1 Nd4 31. Rd2 Rc4 32. Ne1 a4 33. Rh3 1-0

[Event "AUTO-ADV-92"]
[Site "http://www.queenalice.com/game.php?id=33544"]
[Date "2005.10.16"]
[Round "1"]
[White "larxs05"]
[Black "rgalvez"]
[Result "0-1"]
[WhiteElo "1085"]
[BlackElo "1939"]

1. d4 d5 2. c4 dxc4 3. e4 e5 4. d5 b5 5. a4 Nf6 6. Bg5 Bb4+ 7. Nc3 Bd7 8. axb5
Bxb5 9. Nf3 O-O 10. Be2 h6 11. Bd2 Bxc3 12. Bxc3 Nxe4 13. Bxe5 c6 14. dxc6 Nxc6
15. Bf4 Qf6 16. Be3 Qxb2 17. O-O Nc3 18. Re1 Nxd1 0-1

[Event "AUTO-ADV-92"]
[Site "http://www.queenalice.com/game.php?id=33545"]
[Date "2005.10.16"]
[Round "1"]
[White "rgalvez"]
[Black "larxs05"]
[Result "1-0"]
[WhiteElo "1549"]
[BlackElo "1180"]

1. e4 c5 2. Nf3 d6 3. d4 cxd4 4. Nxd4 Nf6 5. Nc3 g6 6. Be2 Bg7 7. O-O O-O 8. Be3
Nc6 9. Nxc6 bxc6 10. f4 a5 11. Bd4 c5 12. Be3 Bb7 13. e5 dxe5 14. fxe5 Ne4 15.
Nxe4 Bxe4 16. Qxd8 Raxd8 17. Rae1 Bxc2 18. Bxc5 Rfe8 19. Bc4 e6 20. Bb5 1-0

[Event "AUTO-OPEN-168"]
[Site "http://www.queenalice.com/game.php?id=35983"]
[Date "2005.11.1"]
[Round "1"]
[White "Myane"]
[Black "larxs05"]
[Result "1-0"]
[WhiteElo "1438"]
[BlackElo "1100"]

1. e4 c5 2. Nf3 d6 3. Be2 Bg4 4. O-O Nf6 5. h3 Bh5 6. c3 e5 7. Qb3 b6 8. Ng5 Qc7
9. Bxh5 Nxh5 10. Qd5 Nc6 11. Nxf7 Ke7 12. Nxh8 Nf6 13. Qf7+ 1-0

[Event "AUTO-OPEN-168"]
[Site "http://www.queenalice.com/game.php?id=35984"]
[Date "2005.11.1"]
[Round "1"]
[White "larxs05"]
[Black "Myane"]
[Result "0-1"]
[WhiteElo "1118"]
[BlackElo "1458"]

1. d4 d5 2. c4 c6 3. Nc3 Nf6 4. Bg5 e6 5. Nf3 Bb4 6. e3 Bxc3+ 7. bxc3 O-O 8.
cxd5 cxd5 9. Bd3 h6 10. Bh4 a6 11. O-O Nbd7 12. Ne5 Qe7 13. Rc1 Qd6 14. f4 Qa3
15. Qc2 Nxe5 16. fxe5 Ne4 17. Bxe4 dxe4 18. Qb3 Qa5 19. Qc2 Qd5 20. c4 Qa5 0-1

[Event "AUTO-OPEN-168"]
[Site "http://www.queenalice.com/game.php?id=36023"]
[Date "2005.11.1"]
[Round "1"]
[White "larxs05"]
[Black "KyoteeSun"]
[Result "0-1"]
[WhiteElo "1133"]
[BlackElo "1334"]

1. d4 e6 2. c4 Qf6 3. Nf3 d6 4. Bg5 Qg6 5. Nc3 h6 6. Bd2 f5 7. Qc2 Nf6 8. g3 Ng4
9. Bg2 Nc6 10. a3 a5 11. O-O e5 12. dxe5 Ncxe5 13. Nd5 Kd8 14. Nxe5 Nxe5 15. f4
Ng4 16. h3 Nf6 17. Kh2 c6 18. Nxf6 Qxf6 19. Bc3 Qe6 20. b3 c5 21. Rae1 Qe3 22.
Rf3 Qe6 23. e4 fxe4 24. Rxe4 Qg6 25. Qe2 h5 26. Rfe3 Kc7 27. b4 axb4 28. axb4
cxb4 0-1

[Event "AUTO-OPEN-168"]
[Site "http://www.queenalice.com/game.php?id=36024"]
[Date "2005.11.1"]
[Round "1"]
[White "KyoteeSun"]
[Black "larxs05"]
[Result "1-0"]
[WhiteElo "1325"]
[BlackElo "1152"]

1. e4 c5 2. Qf3 d6 3. Bc4 Nf6 4. g4 Bxg4 5. Qf4 e5 6. Qg3 a6 7. h3 Bd7 8. h4 b5
9. Bd5 Nxd5 10. exd5 Qf6 11. d4 cxd4 12. Bg5 Qg6 13. Nc3 dxc3 14. bxc3 Qxc2 15.
Rc1 Qxa2 16. Qf3 f6 17. Be3 Be7 18. Rd1 O-O 19. Ne2 a5 20. Kf1 Na6 21. Kg2 Nc7
22. Ra1 Qxd5 23. Rhd1 Qxf3+ 24. Kxf3 Bc6+ 25. Kg3 Nd5 26. Bd2 a4 27. Be3 f5 28.
Kh3 1-0

[Event "AUTO-ADV-99"]
[Site "http://www.queenalice.com/game.php?id=36216"]
[Date "2005.11.3"]
[Round "1"]
[White "refutor"]
[Black "larxs05"]
[Result "1-0"]
[WhiteElo "1723"]
[BlackElo "1118"]

1. e4 c5 2. Nf3 d6 3. Bb5+ Nc6 4. c3 a6 5. Bxc6+ bxc6 6. O-O Bg4 7. d3 e5 8.
Nbd2 Nf6 9. h3 Bh5 10. Re1 Be7 11. Nf1 O-O 12. Ng3 Bxf3 13. Qxf3 Rb8 14. Bg5
Rxb2 15. Nf5 Qd7 16. Reb1 Rxb1+ 17. Rxb1 h6 18. Nxh6+ gxh6 19. Bxf6 Bxf6 20.
Qxf6 Kh7 21. Qf5+ Qxf5 22. exf5 Kg7 23. Rb6 Kf6 24. Rxc6 Kxf5 25. Rxd6 f6 26.
Rxa6 Rd8 27. Rc6 Rxd3 28. Rxc5 h5 29. a4 Ke6 30. a5 Kd6 31. Rc8 Rd5 32. Rd8+ 1-0

[Event "AUTO-ADV-99"]
[Site "http://www.queenalice.com/game.php?id=36217"]
[Date "2005.11.3"]
[Round "1"]
[White "larxs05"]
[Black "refutor"]
[Result "0-1"]
[WhiteElo "1118"]
[BlackElo "1721"]

1. d4 Nf6 2. c4 e6 3. Bg5 Bb4+ 4. Nc3 h6 5. Bh4 c5 6. dxc5 Bxc5 7. Nf3 O-O 8. e4
Qb6 9. Qc2 Nc6 10. a3 Be7 11. Bd3 d6 12. O-O Nd4 13. Nxd4 Qxd4 14. Ne2 Qc5 15.
b4 Qc7 16. f4 Ng4 17. Bf2 Nxf2 18. Rxf2 b6 19. Re1 Bb7 20. Nd4 e5 21. fxe5 dxe5
22. Nf5 Bf6 23. Rf3 Rad8 24. Qb3 Qd7 25. Rg3 Bg5 26. h4 Bf4 27. Rf3 h5 28. g3
Bh6 29. Nxh6+ gxh6 30. Bb1 Qd4+ 31. Kg2 Qd2+ 32. Rf2 Qxe1 0-1

[Event "AUTO-MASTER-65"]
[Site "http://www.queenalice.com/game.php?id=36417"]
[Date "2005.11.4"]
[Round "1"]
[White "larxs05"]
[Black "big2003"]
[Result "0-1"]
[WhiteElo "1190"]
[BlackElo "1627"]

1. d4 d5 2. c4 Nf6 3. Bg5 e6 4. Nf3 c6 5. e3 Be7 6. Nc3 h6 7. Bh4 O-O 8. Bd3
Nbd7 9. O-O Ne8 10. Bxe7 Qxe7 11. c5 b6 12. b4 f5 0-1

[Event "AUTO-MASTER-65"]
[Site "http://www.queenalice.com/game.php?id=36418"]
[Date "2005.11.4"]
[Round "1"]
[White "big2003"]
[Black "larxs05"]
[Result "1-0"]
[WhiteElo "1625"]
[BlackElo "1192"]

1. c4 e5 2. Nc3 Bb4 3. e4 Nf6 4. d3 d6 5. Bd2 O-O 6. Nf3 Bg4 7. Be2 Nc6 8. O-O
Bxf3 9. Bxf3 Nd4 10. a3 Bxc3 11. Bxc3 Nxf3+ 12. Qxf3 1-0

[Event "AUTO-MASTER-65"]
[Site "http://www.queenalice.com/game.php?id=36419"]
[Date "2005.11.4"]
[Round "1"]
[White "larxs05"]
[Black "paulotarantinesco"]
[Result "0-1"]
[WhiteElo "1184"]
[BlackElo "1738"]

1. d4 Nf6 2. c4 e6 3. Bg5 Be7 4. Nc3 h6 5. Bh4 d5 6. e3 Nbd7 7. Nf3 Nh7 8. Bxe7
Qxe7 9. Bd3 Nhf6 10. O-O O-O 11. Rc1 c6 0-1

[Event "AUTO-MASTER-65"]
[Site "http://www.queenalice.com/game.php?id=36420"]
[Date "2005.11.4"]
[Round "1"]
[White "paulotarantinesco"]
[Black "larxs05"]
[Result "1-0"]
[WhiteElo "1738"]
[BlackElo "1184"]

1. c4 Nf6 2. d4 g6 3. e3 Bg7 4. Nc3 O-O 5. Nf3 d5 6. c5 Bg4 7. Be2 Nbd7 8. h3
Bxf3 9. Bxf3 c6 10. O-O Qc7 11. b4 a6 12. Bb2 1-0